| 000 | 00909nam a2200277 a 4500 | ||
|---|---|---|---|
| 001 | 35998 | ||
| 003 | BD-RjUL | ||
| 005 | 20211209052421.0 | ||
| 008 | 140615s1990 cou b 001 0 eng | ||
| 020 | _a0813379369 (hc) | ||
| 020 | _a0813379644 (pb) | ||
| 035 | _a(BD-RjUL)36095 | ||
| 040 |
_aLC _beng _cLC _dLC _dBD-RjUL |
||
| 041 | _aeng | ||
| 082 | 0 | 0 |
_a320.509 _220 _bSEP 1990 |
| 100 | 1 |
_aSeery, John Evan. _9109587 |
|
| 245 | 1 | 0 |
_aPolitical returns : _birony in politics and theory, from Plato to the antinuclear movement / _cJohn Evan Seery. |
| 260 |
_aBoulder, Colo. : _bWestview Press, _c1990. |
||
| 300 |
_ax, 384 p. ; _c24 cm. |
||
| 504 | _aIncludes bibliographical references (p. 347-369) and index. | ||
| 650 | 0 |
_aPolitical science _xHistory. _9109588 |
|
| 650 | 0 |
_aAntinuclear movement. _997755 |
|
| 650 | 0 |
_aIrony _xPolitical aspects. _9109589 |
|
| 942 |
_2ddc _cBK |
||
| 999 |
_c35998 _d35998 |
||